Library Banner

Biochemistry / (Record no. 124842)

MARC details
000 -LEADER
fixed length control field 00625cam a2200217 i 4500
001 - CONTROL NUMBER
control field 20699893
005 - DATE AND TIME OF LATEST TRANSACTION
control field 20211201100227.0
008 - FIXED-LENGTH DATA ELEMENTS--GENERAL INFORMATION
fixed length control field 181009s2019 nyua b 001 0 eng
020 ## - INTERNATIONAL STANDARD BOOK NUMBER
International Standard Book Number 9781319114657
040 ## - CATALOGING SOURCE
Transcribing agency PK-LaUMT
082 00 - DEWEY DECIMAL CLASSIFICATION NUMBER
Classification number 612.1111
Item number BIO-
245 10 - TITLE STATEMENT
Title Biochemistry /
Statement of responsibility, etc by Jeremy M. Berg . . . [et al.]
250 ## - EDITION STATEMENT
Edition statement 9th ed.
260 ## - PUBLICATION, DISTRIBUTION, ETC. (IMPRINT)
Place of publication, distribution, etc New York :
Name of publisher, distributor, etc Macmillan International,
Date of publication, distribution, etc 2019
300 ## - PHYSICAL DESCRIPTION
Extent xlii, 1096, 45, 60, 45 p. :
Other physical details illustrations (some color) ;
Dimensions 29 cm
650 #0 - SUBJECT ADDED ENTRY--TOPICAL TERM
Topical term or geographic name as entry element Biochemistry
700 1# - ADDED ENTRY--PERSONAL NAME
Personal name Tymoczko, John L.,
700 1# - ADDED ENTRY--PERSONAL NAME
Personal name Gatto, Gregory J.,
700 1# - ADDED ENTRY--PERSONAL NAME
Personal name Stryer, Lubert,
942 ## - ADDED ENTRY ELEMENTS (KOHA)
Koha item type Books
Holdings
Withdrawn status Lost status Damaged status Home library Current library Date acquired Full call number Barcode Date last seen Price effective from Koha item type Copy number
      UMT Health Sciences Campus UMT Health Sciences Campus 2021-12-01 612.1111 BIO- 139901 2021-12-01 2021-12-01 Books  
      UMT Health Sciences Campus UMT Health Sciences Campus 2021-12-01 612.1111 BIO- 139902 2022-12-23 2021-12-01 Books C.2
      UMT Health Sciences Campus UMT Health Sciences Campus 2021-12-01 612.1111 BIO- 139903 2021-12-01 2021-12-01 Books C.3
      UMT Health Sciences Campus UMT Health Sciences Campus 2021-12-01 612.1111 BIO- 139904 2021-12-01 2021-12-01 Books C.4
      UMT Health Sciences Campus UMT Health Sciences Campus 2021-12-01 612.1111 BIO- 139905 2021-12-01 2021-12-01 Books C.5